[Event "2nd Goa GM Open 2019"]
[Site "Goa"]
[Date "2019.06.23"]
[Round "8.30"]
[White "Srija, Seshadri"]
[Black "Bharath Subramaniyam H"]
[Result "1/2-1/2"]
[WhiteElo "2174"]
[BlackElo "2383"]
[Annotator "NA"]
[PlyCount "106"]
[EventDate "2019.06.17"]
[EventType "swiss"]
[EventCountry "IND"]
[SourceTitle "playchess.com"]
[Source "ChessBase"]
[SourceQuality "1"]
[TimeControl "5400+30"]

1. e4 {[%emt 0:00:00]} c5 {[%emt 0:00:01]} 2. Nf3 {[%emt 0:00:00]} e6 {[%emt 0:00:09]} 3. d4 {[%emt 0:00:00]} cxd4 {[%emt 0:00:09]} 4. Nxd4 {[%emt 0:00:00]} a6 {[%emt 0:00:11]} 5. c4 {[%emt 0:00:15]} Nf6 {[%emt 0:00:43]} 6. Nc3 {[%emt 0:00:15]} Qc7 {[%emt 0:00:36]} 7. a3 {[%emt 0:00:29]} Be7 {[%emt 0:02:07]} 8. Be3 {[%emt 0:00:35]} b6 {[%emt 0:02:13]} 9. Be2 {[%emt 0:02:28]} Bb7 {[%emt 0:00:10]} 10. f3 {[%emt 0:00:16]} O-O {[%emt 0:00:39]} 11. O-O {[%emt 0:00:15]} d6 {[%emt 0:00:43]} 12. Rc1 {[%emt 0:00:38]} Nbd7 {[%emt 0:00:11]} 13. b4 {[%emt 0:00:12]} Rac8 {[%emt 0:00:29]} 14. Qd2 {[%emt 0:00:24]} Qb8 {[%emt 0:01:35]} 15. Rfd1 {[%emt 0:00:47]} Rfe8 {[%emt 0:02:30]} 16. Na4 {[%emt 0:02:10]} h5 {[%emt 0:08:32]} 17. Qe1 {[%emt 0:12:53]} d5 {[%emt 0:12:53]} 18. cxd5 {[%emt 0:11:21]} exd5 {[%emt 0:00:32]} 19. Rxc8 {[%emt 0:00:46]} Rxc8 {[%emt 0:00:13]} 20. Nf5 {[%emt 0:01:02]} Bf8 {[%emt 0:00:24]} 21. Nxb6 {[%emt 0:11:38]} Nxb6 {[%emt 0:00:39]} 22. Bxb6 {[%emt 0:01:56]} dxe4 {[%emt 0:00:40]} 23. Qg3 {[%emt 0:00:59]} exf3 {[%emt 0:02:42]} 24. gxf3 {[%emt 0:07:06]} Qxg3+ {[%emt 0:10:52]} 25. hxg3 {[%emt 0:00:24]} Rc2 {[%emt 0:00:35]} 26. Kf2 {[%emt 0:10:21]} Nd5 {[%emt 0:03:41]} 27. Bd4 {[%emt 0:04:59]} Ra2 28. Ra1 Rc2 {[%emt 0:03:08]} 29. Ne3 {[%emt 0:08:55]} Nxe3 {[%emt 0:04:57]} 30. Kxe3 {[%emt 0:00:29]} Be7 {[%emt 0:05:46]} 31. Kd3 {[%emt 0:04:15]} Rc6 {[%emt 0:03:18]} 32. Ke3 {[%emt 0:03:42]} Rg6 {[%emt 0:03:47]} 33. Rc1 {[%emt 0:02:53]} Bd6 {[%emt 0:00:54]} 34. Rh1 {[%emt 0:02:35]} Rg5 {[%emt 0:00:15]} 35. Rh3 {[%emt 0:02:07]} Bc8 {[%emt 0:02:18]} 36. f4 {[%emt 0:00:28]} Rg6 {[%emt 0:01:09]} 37. Rxh5 {[%emt 0:00:33]} Rxg3+ {[%emt 0:00:59]} 38. Kf2 {[%emt 0:00:01]} Bxf4 {[%emt 0:01:48]} 39. Rd5 {[%emt 0:03:24]} Be6 {[%emt 0:03:18]} 40. Ra5 {[%emt 0:01:10]} Rb3 {[%emt 0:03:19]} 41. Bxa6 {[%emt 0:01:16]} Bc1 {[%emt 0:00:12]} 42. Bb7 {[%emt 0:02:38]} Rxa3 {[%emt 0:01:40]} 43. Rxa3 {[%emt 0:00:23]} Bxa3 {[%emt 0:00:02]} 44. b5 {[%emt 0:00:12]} Bd6 {[%emt 0:00:10]} 45. Ke3 {[%emt 0:00:57]} f5 {[%emt 0:00:21]} 46. Ba7 {[%emt 0:01:01]} g5 {[%emt 0:00:20]} 47. Kd4 {[%emt 0:00:48]} f4 {[%emt 0:00:33]} 48. b6 {[%emt 0:01:32]} g4 {[%emt 0:05:46]} 49. Bd5 {[%emt 0:00:25]} Kf7 {[%emt 0:00:40]} 50. b7 {[%emt 0:00:28]} f3 {[%emt 0:01:35]} 51. Bxf3 {[%emt 0:01:06]} gxf3 {[%emt 0:00:10]} 52. Ke3 {[%emt 0:00:05]} Bd5 {[%emt 0:00:17]} 53. b8=Q {[%emt 0:00:06]} Bxb8 {[%emt 0:00:07] Ke4} 1/2-1/2

[Event "2nd Goa GM Open 2019"]
[Site "Goa"]
[Date "2019.06.24"]
[Round "9.2"]
[White "Iturrizaga Bonelli, Eduardo"]
[Black "Paichadze, Luka"]
[Result "1/2-1/2"]
[WhiteElo "2637"]
[BlackElo "2557"]
[Annotator "TA"]
[PlyCount "67"]
[EventDate "2019.06.17"]
[EventType "swiss"]
[EventCountry "IND"]
[SourceTitle "playchess.com"]
[Source "ChessBase"]
[SourceQuality "1"]

{[%evp 10,67,15,6,11,0,27,24,48,45,59,45,48,56,54,36,113,103,108,118,117,101,100,97,117,101,115,109,110,108,143,150,186,6,3,0,0,0,0,0,0,0,0,0,0,0,0,0,0,0,0,-17,0,-14,0,-16,54,0,0,-17]} 1. c4 Nf6 2. g3 e6 3. Bg2 d5 4. d4 Bb4+ 5. Nd2 O-O 6. Ngf3 b6 {E01: Catalan: Early deviations} (6... dxc4 7. O-O b5 8. a4 c6 9. b3 c3 10. Nb1 Bb7 11. Qc2 c5 12. Nxc3 cxd4 13. Nxb5 Nc6 14. Qc4 Qe7 15. Nbxd4 {1-0 (33) Caruana,F (2819)-Naiditsch,A (2695) Karlsruhe/Baden Baden 2019}) 7. O-O Ba6 8. Ne5 Be7 $146 {White has an edge.} ({Predecessor:} 8... Nfd7 9. cxd5 Nxe5 10. dxe5 exd5 11. a3 Be7 12. b3 c6 13. Bb2 {½-½ (46) Hollan,P (1951)-Kanak,F (1831) Czechia 2014}) 9. b3 c5 10. dxc5 bxc5 11. Bb2 Qc7 12. Rc1 (12. cxd5 {is more complex.} exd5 13. Rc1 Rd8 14. Re1 Nbd7 15. Nxd7 Rxd7 16. Qc2) 12... Nbd7 ({Better is} 12... Rd8 $14) 13. Nxd7 $1 $16 Qxd7 14. Bxf6 gxf6 15. cxd5 exd5 {[#]} 16. Nc4 $1 {[%cal Bd2c4,Bc4e3,Be3d5][%mdl 544]} Rad8 (16... dxc4 17. Qxd7) 17. Ne3 {[%cal Re3d5]} d4 18. Nd5 {Strongly threatening Rxc5!} Kg7 19. Re1 Bd6 20. e3 Rfe8 {[#]} 21. Qd2 $2 ({But not} 21. exd4 $6 Rxe1+ 22. Qxe1 cxd4 $16) (21. Qf3 $1 $18 {[%cal Rf3f6]} Qe6 {[#]} 22. Bh3 $1 {[%mdl 576] Deflection} Qxh3 23. Qxf6+ {[%mdl 64] Double Attack} Kg8 24. exd4) 21... Bb7 $1 $11 22. exd4 Rxe1+ 23. Rxe1 {aiming for Nxf6!} Bxd5 $1 24. Bxd5 {Black must now prevent Bc4.} Bxg3 $1 25. Bg2 ({Reject} 25. fxg3 Qxd5 26. Qg2 Qxd4+ 27. Qf2 Qc3 $15) 25... Be5 26. d5 Rg8 27. Qd3 Qg4 28. h3 Qg5 29. Kf1 Kh8 30. Qf3 Qd2 31. a4 Qb2 32. Re2 Qa1+ 33. Re1 Qb2 $1 34. Re2 {Accuracy: White = 65%, Black = 53%.} 1/2-1/2

[Event "2nd Goa GM Open 2019"]
[Site "Goa"]
[Date "2019.06.24"]
[Round "9.3"]
[White "Rahman, Ziaur"]
[Black "Ter-Sahakyan, Samvel"]
[Result "0-1"]
[WhiteElo "2481"]
[BlackElo "2611"]
[Annotator "RC"]
[PlyCount "110"]
[EventDate "2019.06.17"]
[EventType "swiss"]
[EventCountry "IND"]
[SourceTitle "playchess.com"]
[Source "ChessBase"]
[SourceQuality "1"]
[TimeControl "5400+30"]

1. Nf3 {[%emt 0:00:00]} d5 {[%emt 0:00:00]} 2. g3 {[%emt 0:01:35]} g6 {[%emt 0:00:06]} 3. Bg2 {[%emt 0:00:57]} Bg7 {[%emt 0:00:05]} 4. O-O {[%emt 0:00:57]} e5 {[%emt 0:00:27]} 5. d3 {[%emt 0:00:20]} Ne7 {[%emt 0:00:09]} 6. e4 {[%emt 0:01:04]} O-O {[%emt 0:04:39]} 7. Nc3 {[%emt 0:12:08]} d4 {[%emt 0:02:57]} 8. Ne2 {[%emt 0:03:52]} c5 {[%emt 0:00:06]} 9. Nd2 {[%emt 0:08:15]} Nbc6 {[%emt 0:01:57]} 10. f4 {[%emt 0:00:13]} exf4 {[%emt 0:10:31]} 11. Nxf4 {[%emt 0:01:04]} Ne5 {[%emt 0:01:25]} 12. h3 {[%emt 0:03:32]} b6 {[%emt 0:08:47]} 13. Nf3 {[%emt 0:02:25]} Bb7 {[%emt 0:00:05]} 14. Nxe5 {[%emt 0:01:06]} Bxe5 {[%emt 0:00:05]} 15. Ne2 {[%emt 0:02:40]} Bg7 {[%emt 0:14:05]} 16. g4 {[%emt 0:12:25]} Nc6 {[%emt 0:13:45]} 17. Nf4 {[%emt 0:02:08]} Ne5 {[%emt 0:00:21]} 18. Nd5 {[%emt 0:01:15]} Bxd5 {[%emt 0:11:59]} 19. exd5 {[%emt 0:00:07]} Qd7 {[%emt 0:00:01]} 20. Bf4 {[%emt 0:01:58]} f5 {[%emt 0:00:50]} 21. gxf5 {[%emt 0:05:07]} Rxf5 {[%emt 0:01:12]} 22. Qd2 {[%emt 0:08:16]} Raf8 {[%emt 0:06:34]} 23. Rae1 {[%emt 0:01:51]} Nf7 {[%emt 0:01:30]} 24. Qe2 {[%emt 0:03:28]} Be5 {[%emt 0:02:45]} 25. Bd2 {[%emt 0:03:56]} Nd6 {[%emt 0:00:58]} 26. Rxf5 {[%emt 0:02:12]} Rxf5 {[%emt 0:00:03]} 27. b3 {[%emt 0:01:34]} Qf7 {[%emt 0:03:47]} 28. a4 {[%emt 0:06:10]} a5 {[%emt 0:01:44]} 29. Qg4 {[%emt 0:00:56]} h5 {[%emt 0:00:54]} 30. Qd1 {[%emt 0:01:30]} Qf6 {[%emt 0:02:18]} 31. Qe2 {[%emt 0:01:30]} Kh7 {[%emt 0:03:50]} 32. Rf1 {[%emt 0:02:37]} Bf4 {[%emt 0:01:19]} 33. Bxf4 {[%emt 0:00:46]} Rxf4 {[%emt 0:00:03]} 34. Rxf4 {[%emt 0:02:21]} Qxf4 {[%emt 0:00:04]} 35. Qe7+ {[%emt 0:01:41]} Kh6 {[%emt 0:00:04]} 36. h4 {[%emt 0:01:13]} Qe3+ {[%emt 0:05:37]} 37. Qxe3+ {[%emt 0:00:06]} dxe3 {[%emt 0:00:01]} 38. Kf1 {[%emt 0:01:17]} g5 {[%emt 0:00:39]} 39. Ke2 {[%emt 0:00:25]} Nf5 {[%emt 0:01:12]} 40. c3 {[%emt 0:02:39]} Nxh4 {[%emt 0:01:00]} 41. Be4 {[%emt 0:00:16]} Kg7 {[%emt 0:00:06]} 42. Kxe3 {[%emt 0:00:36]} Kf6 {[%emt 0:00:11]} 43. Kf2 {[%emt 0:01:08]} Ke5 {[%emt 0:01:53]} 44. Kg3 {[%emt 0:00:28]} Nf5+ {[%emt 0:00:42]} 45. Bxf5 {[%emt 0:00:05]} Kxf5 {[%emt 0:00:01]} 46. c4 {[%emt 0:00:16]} Kf6 {[%emt 0:00:25]} 47. Kf3 {[%emt 0:00:23]} Ke5 {[%emt 0:00:11]} 48. Kg3 {[%emt 0:00:08]} Kf5 {[%emt 0:00:04]} 49. Kf3 {[%emt 0:00:19]} h4 {[%emt 0:00:09]} 50. Kg2 {[%emt 0:00:05]} g4 {[%emt 0:00:12]} 51. Kh2 {[%emt 0:00:19]} g3+ {[%emt 0:00:30]} 52. Kh3 {[%emt 0:01:11]} Kg5 {[%emt 0:00:04]} 53. Kg2 {[%emt 0:00:25]} Kg4 {[%emt 0:00:44]} 54. d6 {[%emt 0:00:27]} h3+ {[%emt 0:00:03]} 55. Kh1 {[%emt 0:00:42]} Kf3 {[%emt 0:00:13]} 0-1

[Event "2nd Goa GM Open 2019"]
[Site "Goa"]
[Date "2019.06.24"]
[Round "9.4"]
[White "Idani, Pouya"]
[Black "Iniyan, P."]
[Result "*"]
[WhiteElo "2597"]
[BlackElo "2525"]
[Annotator "TA"]
[PlyCount "20"]
[EventDate "2019.06.17"]
[EventType "swiss"]
[EventCountry "IND"]
[SourceTitle "playchess.com"]
[Source "ChessBase"]
[SourceQuality "1"]

{[%evp 9,20,15,9,0,16,0,0,0,0,0,17,25,47]} 1. e4 c5 2. Nf3 d6 3. Bb5+ Nd7 4. d4 cxd4 5. Qxd4 a6 6. Be2 {B51: Sicilian: Moscow Variation (3 Bb5+) without 3...Bd7} (6. Bc4 {feels hotter.} Ngf6 7. a4 e5 8. Qe3 Be7 9. O-O) (6. Bxd7+ Bxd7 7. Nc3 e5 8. Qd3 Rc8 9. O-O h6 10. Nd2 Qc7 11. h3 Nf6 12. a4 Be7 13. Rd1 O-O 14. Nf1 Be6 15. Ne3 Qc5 {½-½ (37) Nepomniachtchi,I (2773)-Wojtaszek,R (2724) Moscow 2019}) 6... Ngf6 7. O-O e5 8. Qe3 Nc5 9. Nfd2 b5 $146 ({Predecessor:} 9... Be7 10. c4 O-O 11. h3 b5 12. cxb5 d5 13. b4 Ncxe4 14. Nxe4 Nxe4 {0-1 (100) Hammer,J (2632)-Tari,A (2578) Antalya 2017}) 10. c4 bxc4 *

[Event "2nd Goa GM Open 2019"]
[Site "Goa"]
[Date "2019.06.24"]
[Round "9.5"]
[White "Vasquez Schroeder, Rodrigo"]
[Black "Aleksandrov, Aleksej"]
[Result "*"]
[WhiteElo "2476"]
[BlackElo "2588"]
[Annotator "TA"]
[PlyCount "35"]
[EventDate "2019.06.17"]
[EventType "swiss"]
[EventCountry "IND"]
[SourceTitle "playchess.com"]
[Source "ChessBase"]
[SourceQuality "1"]

{[%evp 14,24,45,35,31,30,31,19,23,32,49,31,31]} 1. e4 e5 2. Nf3 Nc6 3. Bb5 Nf6 4. d3 d6 5. O-O Bd7 6. Re1 Be7 7. c3 O-O 8. Nbd2 {[%cal Bb1d2,Bd2f1,Bf1g3][%mdl 32]} Re8 {C66: Ruy Lopez: Steinitz Defence} 9. Ba4 Bf8 10. Nf1 h6 11. Ng3 Rb8 12. h3 b5 {Predecessor:} 13. Bc2 $146 a5 14. d4 a4 15. Be3 Qc8 16. b3 axb3 17. axb3 exd4 18. cxd4 {½-½ (37) Grandelius,N (2643)-Aleksandrov,A (2574) Doha 2016} *

[Event "2nd Goa GM Open 2019"]
[Site "Goa"]
[Date "2019.06.24"]
[Round "9.6"]
[White "Stupak, Kirill"]
[Black "Shyaamnikhil P"]
[Result "1/2-1/2"]
[WhiteElo "2584"]
[BlackElo "2434"]
[Annotator "TA"]
[PlyCount "75"]
[EventDate "2019.06.17"]
[EventType "swiss"]
[EventCountry "IND"]
[SourceTitle "playchess.com"]
[Source "ChessBase"]
[SourceQuality "1"]

{[%evp 12,75,14,26,29,0,21,-1,33,0,26,-6,0,-5,8,-68,-68,-73,-67,-86,-47,-43,-16,-22,-22,-37,-31,-53,-41,-40,-21,-31,-18,-22,-18,-20,-36,-25,0,0,0,-14,0,0,0,-56,-52,-41,-47,-38,-40,-45,-38,-31,-40,-32,-43,-40,-38,-25,0,-24,0,-15,0,-29]} 1. d4 Nf6 2. c4 c5 3. Nf3 cxd4 4. Nxd4 Nc6 5. Nc3 e6 6. a3 Nxd4 7. Qxd4 b6 {A33: Symmetrical English: 2 Nf3 Nf6 3 d4 cxd4 4 Nxd4 e6 5 Nc3 Nc6} 8. e4 Bc5 9. Qd1 O-O (9... Bb7 10. Bd3 Qb8 11. Qe2 Bc6 12. O-O h5 13. Nd5 Ng4 14. Bf4 Bd6 15. Bxd6 Qxd6 {0-1 (32) Zhou,W (2635)-Rapport,R (2717) China 2016}) 10. Bg5 {[#] aiming for e5.} Be7 11. Be2 $146 ({Predecessor:} 11. Bd3 d6 12. O-O Bb7 13. Qd2 Rc8 14. Rfd1 Qc7 15. Rac1 {0-1 (43) Andonov,B (2334)-Janko,Z (2235) Brno 2008}) 11... Bb7 12. Qd4 d6 13. O-O ({White should play} 13. Rd1 $11) 13... Nxe4 $1 $15 14. Nxe4 {[#] Black must now prevent Bxe7.} Bxg5 15. Nxd6 Bc6 16. Rad1 Bf6 17. Qe3 $1 Qc7 18. b4 Rad8 19. Ne4 {[%cal Bd6e4,Be4d2,Bd2f3][%mdl 32]} Be5 20. g3 $1 Ba4 21. Rd2 Rxd2 22. Nxd2 Rd8 23. Nf3 $1 {[%cal Rf3e5]} Bf6 24. Rc1 Bb2 25. Rb1 Bf6 26. Rc1 Bb2 27. Rb1 Bf6 28. Bd3 (28. Rc1 $11) 28... h6 29. Kg2 Bc6 30. Be4 Qb7 31. Re1 Bxe4 32. Qxe4 Qxe4 33. Rxe4 {KRB-KRN} Rd3 34. Re3 Rd1 35. Re1 Rd3 36. Re3 Rd1 37. Re1 Rd3 38. Re3 {Accuracy: White = 71%, Black = 48%.} 1/2-1/2

[Event "2nd Goa GM Open 2019"]
[Site "Goa"]
[Date "2019.06.24"]
[Round "9.7"]
[White "Debashis, Das"]
[Black "Neelash Saha"]
[Result "1/2-1/2"]
[WhiteElo "2544"]
[BlackElo "2315"]
[Annotator "TA"]
[PlyCount "60"]
[EventDate "2019.06.17"]
[EventType "swiss"]
[EventCountry "IND"]
[SourceTitle "playchess.com"]
[Source "ChessBase"]
[SourceQuality "1"]

{[%evp 21,60,21,14,19,57,20,20,21,18,25,31,18,25,8,10,0,0,2,25,0,10,8,14,12,20,12,24,0,0,-18,0,0,23,-22,0,0,19,-24,0,0,25]} 1. d4 d5 2. c4 e6 3. Nf3 Nf6 4. Nc3 c6 5. e3 Nbd7 6. Bd3 dxc4 7. Bxc4 b5 8. Bd3 a6 9. e4 c5 10. d5 c4 11. Bc2 e5 12. O-O {D48: Semi-Slav: Meran System: 7...b5 8 Bd3 a6} Bc5 (12... Bd6 13. Ne2 O-O 14. Ng3 Re8 15. Bd2 Nc5 16. b4 cxb3 17. axb3 Bd7 18. Bc3 Qb6 19. b4 Na4 20. Bxa4 bxa4 21. Qd2 {0-1 (47) Bluebaum,M (2580)-Buhmann,R (2612) Germany 2016}) 13. Ne2 O-O 14. b3 cxb3 15. axb3 Ne8 $146 ({Predecessor:} 15... Re8 16. Bd2 b4 17. Ng3 Nf8 18. Ne1 a5 {0-1 (29) Becker,M (2234)-Kiesow,K (2231) Kleve 2001}) 16. Bd2 Nd6 17. Ba5 Bb6 18. Bb4 Qe7 19. Qd2 Bc5 20. Bc3 Bb7 21. Ng3 Rfc8 22. Rfc1 g6 23. h4 Ne8 24. b4 Bd6 25. Rab1 Nb6 26. Bb3 Nd7 27. Bc2 Nb6 28. Bb3 Nd7 29. Bc2 Nb6 30. Bb3 Nd7 {Accuracy: White = 50%, Black = 51%.} 1/2-1/2

[Event "2nd Goa GM Open 2019"]
[Site "Goa"]
[Date "2019.06.24"]
[Round "9.8"]
[White "Kostenko, Petr"]
[Black "Tukhaev, Adam"]
[Result "0-1"]
[WhiteElo "2473"]
[BlackElo "2527"]
[Annotator "TA"]
[PlyCount "162"]
[EventDate "2019.06.17"]
[EventType "swiss"]
[EventCountry "IND"]
[SourceTitle "playchess.com"]
[Source "ChessBase"]
[SourceQuality "1"]

{[%evp 10,162,39,23,19,25,39,9,11,5,62,26,59,51,78,78,79,80,85,15,27,33,28,38,31,31,43,23,23,23,23,5,5,0,10,8,8,0,21,11,22,25,73,66,141,128,128,128,132,134,191,196,203,125,138,124,305,166,166,106,112,99,92,61,88,71,116,114,105,108,122,117,139,137,142,131,135,141,142,144,141,97,190,116,124,121,204,121,120,88,95,45,45,6,38,21,23,23,23,20,20,0,0,0,0,0,29,30,285,372,358,347,315,-514,-16,-506,-16,-16,-16,-16,-16,-8,-8,-8,-8,-8,-21,-19,-8,-8,-8,-504,-510,-29971,-29972,-29969,-5728,-2858,-5379,-2262,-5181,-3888,-3804,-2214,-2214,-1793,-1633,-1668,-1695,-29970,-29971,-29970,-29970,-12807,-4626]} 1. e4 e5 2. Nf3 Nc6 3. Bc4 Nf6 4. d3 h6 5. O-O d6 6. Re1 g5 {C55: Two Knights: 4 d3, 4 d4 exd4 5 e5 and Max Lange Attack} 7. Bb5 $146 ({Predecessor:} 7. c3 g4 8. Nfd2 Nh5 9. Nf1 Nf4 10. d4 Qf6 11. Na3 Be7 12. Nc2 Bd7 13. Nce3 exd4 14. Nf5 {0-1 (40) Najer,E (2670)-Fedoseev,V (2719) St Petersburg 2018}) 7... Bd7 8. d4 g4 {The position is equal.} 9. Bxc6 bxc6 (9... Bxc6 $11 10. Nfd2 Bg7) 10. dxe5 $14 gxf3 11. exf6 Qxf6 {White should prevent ...fxg2.} 12. Bd2 $1 Rg8 13. g3 Bg4 14. Bc3 (14. c4 $1 $16) 14... Qg6 15. Qd3 Be7 16. Nd2 Qh5 17. Rad1 Bg5 18. Kh1 Bxd2 19. Rxd2 Qh3 {[%csl Gf3][%cal Rh3g2]} 20. Qf1 (20. Rg1 {with more complications.} Kf8 21. Qf1 Qxf1 22. Rxf1 c5 23. Re1) 20... Qxf1+ 21. Rxf1 O-O-O 22. Re1 Rde8 23. Re3 Rg5 24. Kg1 Rh5 25. Rd4 Rg8 26. Ra4 Rh3 (26... Kb7 $14) 27. Rxa7 Rg5 28. Bf6 Rc5 29. c3 Rb5 (29... Rch5 $16) 30. c4 $18 Rc5 31. b3 {Hoping for e5.} Kb8 32. Ra3 $1 Rhh5 $2 {[#]} (32... Rch5 $16 {was called for.}) 33. Bc3 (33. e5 $142 $1 {[%mdl 512]}) 33... Rcg5 {[#]} 34. b4 (34. e5 $1 $18 {[%mdl 512]}) 34... Rg6 $16 35. Rb3 Re6 36. Bb2 Rg5 37. c5 dxc5 38. bxc5+ Kc8 39. Bd4 Re8 40. Rb4 Rg6 41. a4 Kd7 42. Bc3 Ra8 43. h3 Bxh3 44. Rxf3 Be6 45. Bf6 Bg4 (45... Kc8 $16) 46. Rf4 (46. Rd3+ $18 Ke8 47. Be5) 46... Rgg8 47. Kg2 Ra5 (47... Be6 $16 {is a better defense.} 48. Rf3 Kc8) 48. Bd4 ({White should try} 48. Bc3 $1 $18 Ke7 49. Rb7 Rxa4 50. Rxc7+ Bd7 51. Rf3) 48... Be6 49. Be3 Rga8 50. e5 h5 51. f3 Bd5 52. Kh3 Ke6 53. Rf6+ Kd7 54. Rd4 Rxa4 55. Rxd5+ cxd5 $11 {[%mdl 4096] Endgame KRR-KRB} 56. c6+ $1 Ke8 57. Bg5 Kf8 {...Re8 is the strong threat.} (57... Ra1 $5 58. Rh6 $8 f6 $1 {[%mdl 512]} 59. Bxf6 Rh1+ 60. Kg2 Rha1 $11) 58. e6 Kg7 $2 {[%mdl 8192]} (58... Kg8 $1 $11) 59. Rxf7+ $18 {[%mdl 64] Double Attack} Kg6 60. f4 $1 Ra1 {aiming for ...R8a2.} 61. Bf6 $4 {[%mdl 8192]} ({Wrong is} 61. Rxc7 $2 Rh1+ 62. Kg2 Rc1 $1 $19 {[%mdl 512]}) (61. Rf6+ $1 $18 {is the narrow road to win.} Kg7 62. f5 Rh1+ 63. Kg2) 61... Rh1+ $1 $19 62. Kg2 {[#]} Rb1 $2 ({Better is} 62... Rd1 $1 $19 {( -> ...Ra2+)} 63. Kf2 Ra2+ 64. Ke3 Re1+ 65. Kd4 Rxe6 {[%mdl 64] Double Attack} 66. Rxc7 Kxf6 67. Kxd5 Rd2+ 68. Kc5 Re3) 63. Bd4 $1 $11 {Black must now prevent Kf3.} Ra2+ 64. Kf3 $1 {f5+ would kill now.} Rf1+ 65. Ke3 Re1+ 66. Kd3 $1 Ra3+ 67. Kd2 $132 {[%mdl 2048] White is not holding back} Rxe6 68. Rxc7 Kf5 69. Rc8 $1 Ke4 70. Bb2 $2 {[%mdl 8192]} (70. f5 $1 $11 {and White is okay.} Ra2+ 71. Kc3 Kxf5 72. Rf8+ Kg4 73. Kb3) 70... Rxg3 $19 71. c7 (71. f5 $19 Kxf5 72. c7) 71... Rg2+ 72. Kc3 d4+ (72... Rc6+ $142 73. Kb3 Rb6+ 74. Ka3 Rbxb2 75. Rb8 Ra2+ 76. Kb4 Rgb2+ 77. Kc5 Rc2+ 78. Kd6 Ra6+ 79. Kd7 {[#]} Ra7 $1 {[%mdl 512]} 80. Re8+ Kxf4 81. Rf8+ Ke4 82. Re8+ Kd4 83. Re1 Rcxc7+ 84. Kd6 Rd7+ 85. Kc6 Kc3 86. Re3+ Kc4 87. Rh3 d4 88. Rxh5 d3 89. Kb6 Rab7+ 90. Kc6 Rbc7+ 91. Kb6 d2 92. Rh4+ Kd5 93. Rh5+ Ke4 94. Rh4+ Kd5 95. Rh5+ Ke4 96. Rh4+ Kd5) 73. Kb3 Rb6+ 74. Ka3 Rbxb2 75. Re8+ Kd3 76. c8=Q Ra2+ 77. Kb4 Rgb2+ 78. Kc5 Rc2+ {[%mdl 64] Skewer} 79. Kd5 Rxc8 80. Rxc8 Ra5+ 81. Ke6 Ke4 {Accuracy: White = 51%, Black = 52%.} 0-1

[Event "2nd Goa GM Open 2019"]
[Site "Goa"]
[Date "2019.06.24"]
[Round "9.9"]
[White "Pantsulaia, Levan"]
[Black "Khusenkhojaev, Muhammad"]
[Result "1-0"]
[WhiteElo "2614"]
[BlackElo "2446"]
[Annotator "TA"]
[PlyCount "65"]
[EventDate "2019.06.17"]
[EventType "swiss"]
[EventCountry "IND"]
[SourceTitle "playchess.com"]
[Source "ChessBase"]
[SourceQuality "1"]

{[%evp 13,65,24,28,0,27,27,29,21,27,30,47,41,49,42,77,70,71,68,66,0,0,-33,10,0,89,86,81,92,82,82,85,85,78,83,61,89,144,135,204,202,215,213,202,192,158,169,253,311,385,364,543,543,579,568]} 1. g3 Nf6 2. Nf3 g6 3. b3 Bg7 4. Bb2 d5 5. c4 c6 6. Bg2 O-O 7. O-O Nbd7 8. Nc3 {A11: English Opening: 1...c6} (8. d4 Ne4 9. e3 Ndf6 10. Ne5 Be6 11. Qe2 a5 12. Na3 a4 13. f3 Nd6 14. c5 Nf5 15. b4 Bc8 16. Rad1 e6 17. e4 {1-0 (98) Gelfand,B (2695)-Korobov,A (2678) Poikovsky 2018}) 8... a6 9. d4 b5 10. e3 $146 {White has an edge.} ({Predecessor:} 10. Ne5 Bb7 11. Rc1 Rc8 12. Re1 dxc4 13. bxc4 Qb6 14. Qb3 Nxe5 15. dxe5 {½-½ (51) Oluc,H (1960)-Secer,A (2308) Antalya 2008}) 10... Rb8 11. Ne5 Nxe5 12. dxe5 Ng4 13. cxd5 cxd5 14. Nxd5 {Strongly threatening Ba3.} Nxe5 {[#]} 15. Ba3 $1 {[%cal Ra3e7]} Nc6 {[#] Black wants to play ...b4.} 16. Qc2 (16. Nxe7+ $1 $14 {[%mdl 512]} Nxe7 17. Qxd8 Rxd8 18. Bxe7) 16... Bxa1 $11 17. Rxa1 Bd7 18. Rd1 {Black must now prevent Bxe7!} Rc8 {[#]} (18... b4 $11 {keeps the balance.} 19. Bb2 Rc8) 19. Bxe7 $1 $16 {[%mdl 576] Remove Defender} Nxe7 20. Nf6+ {[%mdl 64] Double Attack, Discovered Attack} Kh8 21. Qb2 Ng8 22. Nxd7+ f6 23. Qd4 $36 {[%mdl 2048] Keeping Black busy.} Re8 24. Bb7 $1 {[%csl LRa6,LRc8]} Rc2 (24... Rc7 $142 25. Bxa6 b4) 25. Bxa6 Rxa2 (25... Nh6 $16) 26. Bxb5 $18 Kg7 27. b4 {[%cal Bb3b4,Bb4b5,Bb5b6][%mdl 32]} Qe7 28. Bc6 Rd8 29. b5 Nh6 (29... Qa3 {was called for.} 30. b6 Qb2 31. Qxb2 Rxb2) 30. b6 Nf5 31. Qc3 Nd6 (31... Ra3 $142 32. Qb2 Nxe3 33. fxe3 Qxe3+ 34. Kf1 Rc3) 32. Qb3 Ra6 33. Nc5 {Accuracy: White = 70%, Black = 39%.} 1-0